000 00638nam a2200241 a 4500
005 20140310183449.0
008 081222s19uu xx 00 eng d
020 _a9780071254410
050 _aHF 5681.B2
_b.W668 2007
100 _aWild, John J.
245 _aFinancial statement analysis /
_cJohn J. Wild.
250 _a9th ed.
260 _aBoston :
_bMcGraw-Hill,
_c2007.
300 _a657 p. :
_bill. ;
_c27 cm.
521 _aBSA
650 _aBSBA.
650 _aAccounting.
650 _aFinancial statements.
700 _aSubramanyam, K.R.
700 _aHalsey, Robert F.
942 _cBK
_2lcc
_kFOR
999 _c23342
_d23342